[Event "Leutersdorf Sparkasse op 11th"]
[Site "Leutersdorf"]
[Date "2007.02.16"]
[Round "1"]
[White "Gaier, Richard"]
[Black "Zimmermann, Rene"]
[Result "0-1"]
[WhiteElo "1289"]
[BlackElo "1928"]
[PlyCount "96"]
[EventDate "2007.02.16"]
[EventType "swiss"]
[EventRounds "7"]
[EventCountry "GER"]
[SourceTitle "CBM 117 Extra"]
[Source "ChessBase"]
[SourceDate "2007.05.09"]
[SourceVersion "1"]
[SourceVersionDate "2007.05.09"]
[SourceQuality "1"]

1. d4 d5 2. c4 e6 3. Nf3 f5 4. Bf4 Nf6 5. Nc3 c6 6. c5 Be7 7. e3 0-0 8. Bd3 Ne4 9. 0-0 Nd7 10. Ne5 Qe8 11. f3 Nxc3 12. bxc3 Nf6 13. c4 Nh5 14. Bg3 b6 15. cxd5 exd5 16. cxb6 Nxg3 17. hxg3 axb6 18. Qb3 Bd6 19. f4 Ba6 20. Qxb6 Bxd3 21. Nxd3 Qxe3+ 22. Kh2 Rf6 23. Nf2 Rg6 24. Qb3 Rxg3 25. Qxe3 Rxe3 26. Nh3 Rd3 27. Rac1 Ra6 28. Rfd1 Rxd1 29. Rxd1 Rxa2 30. Rc1 Ra6 31. Kg3 h6 32. Kh4 Kf7 33. g4 fxg4 34. Kxg4 Kf6 35. Re1 Ra4 36. Rc1 Rc4 37. Rxc4 dxc4 38. Nf2 c3 39. Ne4+ Ke6 40. Nxc3 Bb4 41. Ne2 Kd5 42. Kf5 Be7 43. Kg6 Bf6 44. Kf5 h5 45. Ng3 h4 46. Nh1 Kxd4 47. Kg4 Ke3 48. f5 c5 0-1

[Event "Leutersdorf Sparkasse op 10th"]
[Site "Leutersdorf"]
[Date "2006.02.18"]
[Round "4"]
[White "Gaier, Richard"]
[Black "Ruehrmund, Daniel"]
[Result "0-1"]
[WhiteElo "1261"]
[BlackElo "1396"]
[PlyCount "62"]
[EventDate "2006.02.17"]
[EventType "swiss"]
[EventRounds "7"]
[EventCountry "GER"]
[SourceTitle "EXT 2007"]
[Source "ChessBase"]
[SourceDate "2006.11.23"]
[SourceVersion "1"]
[SourceVersionDate "2006.11.23"]
[SourceQuality "1"]

1. d4 d5 2. c4 e6 3. Nf3 c6 4. a3 Bd6 5. Nc3 f5 6. g3 Nd7 7. Bg2 Ngf6 8. Qc2 0-0 9. 0-0 h6 10. Bd2 Nh7 11. Qc1 Qf6 12. c5 Bc7 13. Bf4 Bxf4 14. Qxf4 Kh8 15. Rad1 g5 16. Qd6 f4 17. Ne5 Nxe5 18. Qxe5 Qxe5 19. dxe5 Bd7 20. e4 f3 21. Bh3 h5 22. g4 Rf4 23. gxh5 g4 24. Bg2 fxg2 25. Kxg2 Ng5 26. exd5 cxd5 27. Rd3 Bc6 28. Ne2 Rf3 29. Re3 d4 30. Nxd4 Rxe3+ 31. Nxc6 Re4 0-1

[Event "Leutersdorf Sparkasse op 10th"]
[Site "Leutersdorf"]
[Date "2006.02.18"]
[Round "3"]
[White "Ziaja, Viktoria"]
[Black "Gaier, Richard"]
[Result "0-1"]
[WhiteElo "1600"]
[BlackElo "1261"]
[PlyCount "80"]
[EventDate "2006.02.17"]
[EventType "swiss"]
[EventRounds "7"]
[EventCountry "GER"]
[SourceTitle "EXT 2007"]
[Source "ChessBase"]
[SourceDate "2006.11.23"]
[SourceVersion "1"]
[SourceVersionDate "2006.11.23"]
[SourceQuality "1"]

1. e4 e5 2. Nf3 Nf6 3. Nxe5 d6 4. Nf3 Nxe4 5. d3 Nf6 6. Nc3 Nc6 7. Be2 d5 8. Bg5 Be6 9. 0-0 h6 10. Bh4 g5 11. Bg3 Bd6 12. Bxd6 Qxd6 13. Nb5 Qd7 14. d4 a6 15. Ne5 Nxe5 16. dxe5 Ng4 17. Nc3 0-0-0 18. h3 Nxe5 19. Re1 Rhg8 20. Bxa6 Ng6 21. Bb5 c6 22. Ba4 Nf4 23. Re3 d4 24. Nd5 Qxd5 25. Rg3 h5 26. Bb3 Qd7 27. Rf3 Qd6 28. Bxe6+ fxe6 29. a4 g4 30. hxg4 hxg4 31. Rg3 Rg6 32. Rxg4 Rdg8 33. f3 d3 34. a5 Qc5+ 35. Kf1 Rxg4 36. fxg4 Qxc2 37. Qxc2 dxc2 38. Ke1 Nd3+ 39. Kd2 c1Q+ 40. Rxc1 Nxc1 0-1

[Event "Leutersdorf Muench Braeu op 10th"]
[Site "Leutersdorf"]
[Date "2005.02.??"]
[Round "5"]
[White "Boos, Philipp"]
[Black "Gaier, Richard"]
[Result "1-0"]
[WhiteElo "1455"]
[BlackElo "1166"]
[PlyCount "85"]
[EventDate "2005.02.05"]
[EventType "swiss"]
[EventRounds "9"]
[EventCountry "GER"]
[SourceTitle "CBM 104 Extra"]
[Source "ChessBase"]
[SourceDate "2005.03.01"]
[SourceVersion "1"]
[SourceVersionDate "2005.03.01"]
[SourceQuality "1"]

1. d4 f5 2. c4 Nf6 3. Nc3 g6 4. e3 Bg7 5. g3 d6 6. Bg2 c6 7. Nf3 0-0 8. 0-0 Nbd7 9. Ng5 Nb6 10. Qb3 Kh8 11. c5 dxc5 12. dxc5 Nbd5 13. Rd1 e6 14. e4 fxe4 15. Ncxe4 Nxe4 16. Nxe4 Qe7 17. Bd2 Rb8 18. Rac1 Kg8 19. Re1 Bd4 20. Bh6 Bg7 21. Bxg7 Kxg7 22. Rcd1 Kh8 23. Rd2 Nf6 24. Qc3 Kg8 25. Nd6 Ne8 26. Bh3 Nxd6 27. cxd6 Qf7 28. d7 Bxd7 29. Rxd7 Qxf2+ 30. Kh1 Qf3+ 31. Qxf3 Rxf3 32. Kg1 Kh8 33. Rxe6 Kg8 34. Ree7 a6 35. Be6+ Kf8 36. Rxh7 Ke8 37. Rh8+ Rf8 38. Rxf8+ Kxf8 39. Rh7 Re8 40. Rh8+ Ke7 41. Rxe8+ Kxe8 42. Bc8 b6 43. Bxa6 1-0

[Event "GER-chT U12"]
[Site "Seifhennersdorf"]
[Date "2001.12.30"]
[Round "7.3"]
[White "Gaier, Richard"]
[Black "Winkelmann, Elena"]
[Result "0-1"]
[WhiteElo "1291"]
[BlackElo "1547"]
[PlyCount "110"]
[EventDate "2001.12.27"]
[EventType "team-tourn"]
[EventRounds "7"]
[EventCountry "GER"]
[SourceTitle "EXT 2003"]
[Source "ChessBase"]
[SourceDate "2002.11.25"]
[SourceVersion "1"]
[SourceVersionDate "2002.11.25"]
[SourceQuality "1"]

1. d4 g6 2. e4 Bg7 3. c4 c5 4. Nf3 d6 5. Be3 Bg4 6. Nbd2 cxd4 7. Qa4+ Bd7 8. Qb3 dxe3 9. Qxe3 Nc6 10. Be2 Nf6 11. Rb1 Qc7 12. 0-0 0-0 13. b3 Bg4 14. Rfe1 Nb4 15. Nd4 Bxe2 16. Qxe2 Nc6 17. Nxc6 Qxc6 18. Qf3 Nd7 19. Qh3 Nc5 20. b4 Ne6 21. a3 Rac8 22. Kh1 Nf4 23. Qg3 Nh5 24. Qe3 a6 25. f3 Nf6 26. Rec1 Nd7 27. h3 Qc7 28. a4 Qb8 29. Rc2 Rc7 30. Rbc1 Rfc8 31. Kg1 b6 32. b5 a5 33. Kh1 Nc5 34. Kg1 Nxa4 35. Qb3 Nc5 36. Qe3 Ne6 37. Kh2 Ra7 38. Qa3 d5+ 39. Kh1 Nd4 40. Rc3 Ne2 41. R3c2 Nxc1 42. Rxc1 dxc4 43. Nxc4 Rac7 44. Kg1 Rxc4 45. Rxc4 Rxc4 46. Qe3 Bd4 47. Qxd4 Rxd4 48. Kf2 Qf4 49. h4 Qd2+ 50. Kg3 Qe1+ 51. Kg4 f5+ 52. Kh3 fxe4 53. f4 Rd3+ 54. Kh2 Qg3+ 55. Kg1 Rd1# 0-1

[Event "GER-ch U10"]
[Site "Willingen"]
[Date "2001.06.06"]
[Round "6"]
[White "Seyb, Alexander"]
[Black "Gaier, Richard"]
[Result "1-0"]
[WhiteElo "1349"]
[BlackElo "1196"]
[PlyCount "115"]
[EventDate "2001.06.03"]
[EventType "swiss"]
[EventRounds "11"]
[EventCountry "GER"]
[SourceTitle "EXT 2003"]
[Source "ChessBase"]
[SourceDate "2002.11.25"]
[SourceVersion "1"]
[SourceVersionDate "2002.11.25"]
[SourceQuality "1"]

1. e4 e5 2. Nf3 Nf6 3. Nxe5 d6 4. Nc4 Nxe4 5. Qe2 Qe7 6. Ne3 Nc6 7. Nd5 Nd4 8. Nxe7 Nxe2 9. Nd5 Nd4 10. Bd3 Nxf2 11. Kxf2 Kd8 12. b3 Be6 13. Nf4 d5 14. Nxe6+ fxe6 15. Bb2 Bc5 16. Kg3 Bd6+ 17. Kh3 Nc6 18. g3 Be5 19. Bxe5 Nxe5 20. Rf1 g5 21. Kg2 g4 22. Be2 h5 23. d4 Ng6 24. Rf6 Rh6 25. Rf7 Rc8 26. Nd2 c5 27. dxc5 Rxc5 28. c4 dxc4 29. Nxc4 Rc7 30. Rd1+ Kc8 31. Rxc7+ Kxc7 32. Bd3 Ne7 33. Be4 b5 34. Ne5 Nc8 35. Rd7+ Kb6 36. b4 Rh8 37. Nf7 Rf8 38. Nd6 Nxd6 39. Rxd6+ Kc7 40. Rxe6 Rd8 41. Rc6+ Kb8 42. Rc2 Rd4 43. Bg6 Rxb4 44. Bxh5 a5 45. h4 gxh3+ 46. Kxh3 Rc4 47. Rxc4 bxc4 48. Bd1 Kc7 49. g4 Kd7 50. g5 Ke7 51. Kg4 Kf8 52. Kf5 Kf7 53. g6+ Kg8 54. Kf6 Kf8 55. g7+ Kg8 56. Kg6 a4 57. Bxa4 c3 58. Bb3# 1-0